000 01739cam a2200145 4500500
005 20260405085512.0
041 _afre
042 _adc
100 1 0 _aGruat, Cédric
_eauthor
700 1 0 _aMartínez, Lucía
_eauthor
245 0 0 _aL'échange : Les dessous d'une négociation artistique entre la France et l'Espagne (1940-1941)
260 _bArmand Colin,
_c2011.
520 _aEn juin 1941, à Madrid, la France et l’Espagne signent un accord portant sur un échange d’archives et d’œuvres d’art majeures, parmi lesquelles figurent un Murillo (L’Immaculée Conception), un Vélasquez, un Greco et la célèbre Dame d’Elche. Fruit de longues et difficiles tractations entamées un an plus tôt entre les régimes de Pétain et de Franco, cette négociation est présentée comme une manifestation de l’amitié franco-espagnole. En réalité, elle s’inscrit dans un véritable rapport de force aux enjeux opposés. Pour la France, il s’agit de s’assurer de la neutralité de l’Espagne et de l’empêcher de se rapprocher de l’Allemagne nazie. De son côté, l’Espagne cherche à régler un vieux contentieux avec sa voisine et à s’affirmer comme une nation forte de son identité.À travers une plongée dans les archives tant espagnoles que françaises, ce livre nous dévoile pour la première fois les ressorts et les arcanes de cette incroyable négociation. La replaçant dans la perspective plus large des relations tumultueuses entre les deux pays au fil des siècles, il soulève, depuis Napoléon, l’épineuse question du devenir des œuvres d’art sorties de leur territoire d’origine.
856 4 1 _uhttps://shs.cairn.info/lechange--9782200249717?lang=fr&redirect-ssocas=7080
999 _c2198083
_d2198083